|
|
|
|
| LEADER |
00000ny a22000003n 4500 |
| 005 |
20110617134946.0 |
| 008 |
|
| 020 |
|
|
|a 9788489171817
|
| 035 |
|
|
|a 3314
|
| 040 |
|
|
|a BUS
|d vLex
|
| 080 |
|
|
|a 346.548 460
|
| 080 |
|
|
|a 347.238 460
|
| 090 |
|
|
|c 830
|d 830
|
| 100 |
1 |
|
|a Lete Achr̕ica, Javier
|
| 245 |
1 |
3 |
|a El contrato de multipropiedad y la proteccin̤ de los consumidores
|h [Recurso electrn̤ico]
|c Javier Lete Achr̕ica
|
| 246 |
3 |
|
|a Contrato multipropiedad y la proteccin̤ de los consumidores
|
| 256 |
|
|
|a Servicio en ln̕ea
|
| 260 |
|
|
|a Barcelona :
|b Cedecs,
|c 1997
|
| 300 |
|
|
|a 399 p. ;
|c 21 cm
|
| 506 |
1 |
|
|a Contenido solo disponible en los productos indicados
|d vLex Global
|d vLex Global (Academic Edition, excluding Law Schools)
|d vLex Global (U.S. Academic Edition, Law Schools)
|d vLex Global (U.S. Academic Edition, excluding Law Schools)
|d vLex Global (Academic Edition, Law Schools)
|
| 650 |
0 |
7 |
|2 Tesauro vLex
|a Multipropiedad
|
| 650 |
0 |
7 |
|2 Tesauro vLex
|a Proteccin̤ de los consumidores
|
| 740 |
0 |
|
|a vLex Libros (Servicios en ln̕ea)
|
| 856 |
4 |
0 |
|z Acceso restringido
|u http://vlex.com/source/3314
|
| 942 |
|
|
|c BOOK
|
| 999 |
0 |
|
|a Timesharing (Real state)
|b Barcelona
|